| 000 | 00349nam a2200133Ia 4500 | ||
|---|---|---|---|
| 005 | 20251222143221.0 | ||
| 008 | 251222s9999||||xx |||||||||||||| ||spa|| | ||
| 020 | _a9972-9727-1-2 | ||
| 082 | _a869.38/M61 | ||
| 100 | _aMinardi, Giovanna | ||
| 245 | 0 | _aHistoria del Cuento Hispanoamericano | |
| 264 | _bUniversidad Mayor de San Marcos | ||
| 942 | _cLIB | ||
| 999 |
_c13836 _d13836 |
||